书目信息 |
| 题名: |
摄影摄像
|
|
| 作者: | 刘祚时 , 黄耀辉 主编 | |
| 分册: | ||
| 出版信息: | 哈尔滨工程大学出版社 2011.07 |
|
| 页数: | 111页 | |
| 开本: | 20cm | |
| 丛书名: | ||
| 单 册: | ||
| 中图分类: | J41 | |
| 科图分类: | ||
| 主题词: | 摄影技术--普及读物 , 摄影艺术--各种 | |
| 电子资源: | ||
| ISBN: | 7-81133-080-6 | |
| 000 | 00609nam0 2200205 450 | |
| 001 | 1833012294 | |
| 005 | 20181212091120.21 | |
| 010 | @a7-81133-080-6@dCNY39.00 | |
| 100 | @a20181212d2011 km y0chiy0120 ea | |
| 101 | 0 | @achi |
| 200 | 1 | @a摄影摄像@Ashe ying she xiang@f主编刘祚时, 黄耀辉@Fzhu bian liu zuo shi,huang yao hui |
| 210 | @c哈尔滨工程大学出版社@d2011.07 | |
| 215 | @a111页@d20cm | |
| 606 | 0 | @a摄影技术@x普及读物 |
| 606 | 0 | @a摄影艺术@x各种 |
| 690 | @aJ41@v4 | |
| 701 | 0 | @a刘祚时@Aliu zuo shi@4主编 |
| 701 | 0 | @a黄耀辉@Ahuang yao hui@4主编 |
| 801 | 0 | @aCN@bMUSE@c20181212 |
| 905 | @aMUSE@dJ41@eL736 | |
| 摄影摄像/主编刘祚时, 黄耀辉.-哈尔滨工程大学出版社,2011.07 |
| 111页;20cm |
| ISBN 7-81133-080-6:CNY39.00 |
| ● |
| 相关链接 |
|
|
|
正题名:摄影摄像
索取号:J41/L736
 
预约/预借
| 序号 | 登录号 | 条形码 | 馆藏地/架位号 | 状态 | 备注 |
| 1 | 1282019 | 212820198 | 社科库309/309社科库 83排2列1层/ [索取号:J41/L736] | 在馆 |